| 000 | 01054nam a2200277 4500 | ||
|---|---|---|---|
| 003 | OSt | ||
| 005 | 20260530113846.0 | ||
| 008 | 260420b1981 sp a|||| |||| 00| 0 spa d | ||
| 020 | _a8425210321 | ||
| 040 |
_aICI _bspa _cICI |
||
| 050 |
_aTS171 _bL62 1981 |
||
| 100 | 1 |
_aLöbach, Bernd _d1941, _930744 |
|
| 240 | 0 | 0 |
_aGrundlagen der Industrieproduktgestaltung. _lEspañol |
| 245 | 1 | 0 |
_aDiseño industrial / _cBernd Lobach ; versión castellana de Jordi Utges i Pascual |
| 246 | 3 | 0 |
_aDiseño industrial : _bbases para la configuración de los productos industriales |
| 264 | 1 |
_bGustavo Gili, _c1981 _aBarcelona : |
|
| 300 |
_a204 páginas _b ilustraciones (algunas a color) _c23.5 cm. |
||
| 336 |
_atexto _2rdacontent |
||
| 337 |
_asin medio _2rdamedia |
||
| 338 |
_avolumen _2rdacarrier |
||
| 490 | 0 | _aColección GG diseño | |
| 650 | 0 |
_aDiseño industrial _915218 |
|
| 700 | 1 |
_aLöbach, Bernd _d1941- _tGrundlagen der Industrieproduktgestaltung _iTraducción de : _930745 |
|
| 700 | 1 |
_aUtges i Pascual, Jordi, _etraductor _930746 |
|
| 942 |
_2lcc _cBK _n1 |
||
| 999 |
_c11294 _d11294 |
||